E-Commerce during the COVID 19 Pandemic in the Context of Investor Decision-making

Zavedenie opatrení na elimináciu šírenia pandémie COVID-19 sa výrazne prejavilo - prispelo k prenosu ľudských aktivít do online prostredia, čím prispelo k nárastu využívania elektronického obchodu. Hlavným cieľom nášho výskumu bolo zistiť, či je oblasť e-commerce vhodným objektom pre investorov na S...

Description complète

Enregistré dans:
Détails bibliographiques
Auteur principal: Černý, Matej, 1982-
Autres auteurs: Hamranová, Anna, 1957-, Romanová, Anita, 1973-, Töröková, Anikó, 1963-
Format: Chapitre de livre
Langue:anglais
Sujets:
Tags: Ajouter un tag
Pas de tags, Soyez le premier à ajouter un tag!

MARC

LEADER 00000naa a2200000 4500
001 0290097
005 20240502083936.2
041 0 |a eng 
044 |a US 
245 1 0 |a E-Commerce during the COVID 19 Pandemic in the Context of Investor Decision-making  |c Matej Černý, Anna Hamranová, Anita Romanová, Anikó Töröková 
520 |a Zavedenie opatrení na elimináciu šírenia pandémie COVID-19 sa výrazne prejavilo - prispelo k prenosu ľudských aktivít do online prostredia, čím prispelo k nárastu využívania elektronického obchodu. Hlavným cieľom nášho výskumu bolo zistiť, či je oblasť e-commerce vhodným objektom pre investorov na Slovensku. Skúmali sme správanie zákazníkov pri nakupovaní online a vývoj ich správania do budúcnosti. 
610 2 0 |a investície 
610 2 0 |a obchod elektronický 
610 2 0 |a pandémia 
610 2 0 |a nákup elektronický 
610 2 0 |a správanie spotrebiteľa 
100 1 |a Černý, Matej, 1982- 
700 1 |a Hamranová, Anna, 1957- 
700 1 |a Romanová, Anita, 1973- 
700 1 |a Töröková, Anikó, 1963-